L'année 2004 en sport - Statistiques

Statistiques générales
  • Ce quiz a été pris 126 fois
  • Le résultat moyen est 9 sur 15
Statistiques - réponses
Hint Réponse % Correct
Nation remportant l'Euro en battant le Portugal en finale Grèce
98%
Tennisman suisse remportant son premier Open d'Australie, son premier US Open et son deuxième Wimbledon Roger Federer
90%
Nageur américain remportant 8 médailles olympiques dont 6 en or Michael Phelps
88%
Meilleur buteur de la Liga avec le Real Madrid Ronaldo
86%
Ville accueillant les jeux olympiques Athènes
84%
Entraineur de l'AS Monaco, finaliste de la ligue des champions Didier Deschamps
82%
Nation asiatique remportant le tournoi olympique de volley-ball Chine
79%
Club d'Occitanie remportant la championnat de France de handball Montpellier
77%
Ville de la franchise des Red Sox, remportant la Major League Baseball Boston
41%
Nation championne olympique de basketball masculin Argentine
39%
Marque japonaise de la voiture de Stéphane Peterhansel, vainqueur du Paris-Dakar Mitsubishi
34%
Tenniswoman américaine prénommée Lindsay finissant 1ere du classement WTA Lindsay Davenport
29%
Entraineur ayant remporté la ligue des champions de football avec l'OM en 1993, décédé le 3 décembre Raymond Goethals
27%
Equipe adversaire des Detroit Pistons lorsqu'une bagarre devenue célèbre éclate sur le parquet et en tribune Indiana Pacers
22%
Pilote français remportant le Champ Car aux Etats-Unis Sebastien Bourdais
16%
Aucun quiz correspondant
Distribution des résultats
% des personnes avec chaque résultat
Percentile par nombre de réponses
Votre historique - résultats
Vous n’avez pas pris ce quiz